Structure and process of decision making in panchayati Raj institutions (Record no. 31121)

MARC details
000 -LEADER
fixed length control field 00332nam a2200121Ia 4500
082 ## - DEWEY DECIMAL CLASSIFICATION NUMBER
Classification number 301
Item number DUB
100 ## - MAIN ENTRY--AUTHOR NAME
Personal name Dubey, S N
245 #0 - TITLE STATEMENT
Title Structure and process of decision making in panchayati Raj institutions
260 ## - PUBLICATION, DISTRIBUTION, ETC. (IMPRINT)
Place of publication Bombay
Name of publisher Somaiya
Year of publication 1976
700 ## - ADDED ENTRY--PERSONAL NAME
Personal name Murdia, R
942 ## - ADDED ENTRY ELEMENTS (KOHA)
Koha item type Books
Holdings
Withdrawn status Lost status Damaged status Not for loan Home library Current library Date acquired Cost, normal purchase price Full call number Accession Number Koha item type
        RRII Library RRII Library 16/12/2021 35.00 301 DUB 11675 Books